000 00856nam a2200253 a 4500
001 BRCA_1106
005 20190320203301.0
008 000824s2000 ne-a---##b---#000-0#eng-d
020 _a9040094519
040 _aRTM
_cRTM
_dDLC
050 4 _aNK2360
_b.B23 2000
100 1 _aBaarsen, Reinier
_93646
245 1 0 _a17th-Century Cabinets
_c[author, Reinier Baarsen].
260 _aAmsterdam
_bRijksmuseum
260 _aZwolle
_bWaanders
_c2000
300 _a64 p.
_bil. (algunas a color)
_c26 cm.
440 0 _aRijksmuseum Dossiers
_93647
504 _aIncluye referencias bibliográficas
610 2 4 _aRijksmuseum (Netherlands)
_vCatálogos
_93648
650 1 4 _aEbanistería
_vCatálogos
_xHistoria
_ySiglo XVII
_zEuropa occidental
_93649
650 1 4 _aEbanistería
_vCatálogos
_zNetherlands
_93650
710 2 _aRijksmuseum (Netherlands)
_93651
942 _2lcc
_cB
999 _c985
_d985